<?xml version="1.0" encoding="UTF-8"?>
<record
    xmlns:xsi="http://www.w3.org/2001/XMLSchema-instance"
    xsi:schemaLocation="http://www.loc.gov/MARC21/slim http://www.loc.gov/standards/marcxml/schema/MARC21slim.xsd"
    xmlns="http://www.loc.gov/MARC21/slim">

  <leader>06624njm a2200721Ia 4500</leader>
  <controlfield tag="001">25698</controlfield>
  <controlfield tag="003">IT-RoPAU</controlfield>
  <controlfield tag="005">20220918181126.0</controlfield>
  <controlfield tag="008">131025s9999    xx            000 0 und d</controlfield>
  <datafield tag="040" ind1=" " ind2=" ">
    <subfield code="a">IT-RoPAU</subfield>
  </datafield>
  <datafield tag="040" ind1=" " ind2=" ">
    <subfield code="c">IT-RoPAU</subfield>
  </datafield>
  <datafield tag="041" ind1=" " ind2=" ">
    <subfield code="a">INGLESE</subfield>
  </datafield>
  <datafield tag="999" ind1=" " ind2=" ">
    <subfield code="c">100148</subfield>
    <subfield code="d">100148</subfield>
  </datafield>
  <datafield tag="999" ind1=" " ind2=" ">
    <subfield code="b">n.d.</subfield>
  </datafield>
  <datafield tag="100" ind1=" " ind2=" ">
    <subfield code="a">AA.VV.</subfield>
    <subfield code="9">794</subfield>
  </datafield>
  <datafield tag="100" ind1=" " ind2=" ">
    <subfield code="e">Autore musica</subfield>
    <subfield code="9">13844</subfield>
  </datafield>
  <datafield tag="100" ind1=" " ind2=" ">
    <subfield code="g">Codice autore musica SPICS: 12000</subfield>
    <subfield code="9">796</subfield>
  </datafield>
  <datafield tag="245" ind1=" " ind2=" ">
    <subfield code="a">Voci del jazz (Le)</subfield>
  </datafield>
  <datafield tag="250" ind1=" " ind2=" ">
    <subfield code="a">2a ed.</subfield>
  </datafield>
  <datafield tag="260" ind1=" " ind2=" ">
    <subfield code="a">MILANO</subfield>
  </datafield>
  <datafield tag="260" ind1=" " ind2=" ">
    <subfield code="b">MUSICA JAZZ</subfield>
    <subfield code="c">1984 [1a Ed.:]</subfield>
  </datafield>
  <datafield tag="300" ind1=" " ind2=" ">
    <subfield code="a">DISCO</subfield>
  </datafield>
  <datafield tag="300" ind1=" " ind2=" ">
    <subfield code="c">41 minuti (Testo:  pag.)</subfield>
  </datafield>
  <datafield tag="500" ind1=" " ind2=" ">
    <subfield code="a">Musica jazz. Musica afro-americana blues singers</subfield>
  </datafield>
  <datafield tag="505" ind1=" " ind2=" ">
    <subfield code="a">Down in the Dumps [(New York, 24 novembre 1933) (Smith Bessie) (4:00)] - Frankie and Johnny [(New York, 9 novembre 1938) (Waters Ethel) (4:00)] - Stardust [(Chicago, 4 novembre 1931) (Armstrong Louis D.) (4:00)] - Ain't Misbehavin' [(New York, 28 giugno 1939) (Waller Thomas Fats) (4:00)] - Basin Street Blues [(Los Angeles, 25 novembre 1937) (Crosby Bing) (4:00)] - Rockin' Chair [(Chicago, 23 marzo 1937) (Bailey Mildred) (3:00)] - Strange Fruit [(New York, 20 aprile 1939) (Holiday Billie) (4:00)] - Harvard Blues [(New York, 17 novembre 1941) (Rushing Jimmy) (3:00)] - Bei Mir Bist du Schon [(Ansrews Sisters) (4:00)] - That Ain't Right [(New York, 23 ottobre 1941) (Cole Nat King) (4:00)] - Let Me Off Uptown [(New York, 5 agosto 1941) (O'Day Anita) (3:00)] - Tenderly [(New York, 2 luglio 1947) (Vaughan Sarah) (4:00)] - Oh, Lady Be Good [(New York, 19 marzo 1947) (Fitzgerald Ella) (4:00)]</subfield>
  </datafield>
  <datafield tag="511" ind1=" " ind2=" ">
    <subfield code="a">Smith Bessie: voce; Newton Frankie: tr; Teagarden Jack: trne; Berry Chu: ten; Washington Buck: p; Johnson Bobby: chit; Taylor Billy: cb</subfield>
  </datafield>
  <datafield tag="511" ind1=" " ind2=" ">
    <subfield code="a">Waters Ethel: voce; Mallory Eddie: tr; Clay Shirley: tr; Glenn Tyree: trne; Vib McCord Castor: ten, cl;  Steiner William: alto; Beane Reginald: p; Barker Danny: chit; Turner Charles: batt </subfield>
  </datafield>
  <datafield tag="511" ind1=" " ind2=" ">
    <subfield code="a">Armstrong Louis: tr, voce; Randolph Zilmer: tr; Jackson Preston: trne; Boone Lester: sax; James George: sax; Washington Albert: sax; Alexander Charlie: p; McKendrick Mike: chit; Lindsay John: cb; Hall Tubby: batt; Louis Armstrong Orchestra</subfield>
  </datafield>
  <datafield tag="511" ind1=" " ind2=" ">
    <subfield code="a">Hamilton John "Bugs": tr; Sedric Gene: ten; Waller Fats: p, voce; Smith John: chit; Wallace Cedric: cb; Jones Slick: batt</subfield>
  </datafield>
  <datafield tag="511" ind1=" " ind2=" ">
    <subfield code="a">Bing Crosby e Connie Boswell con John Trotter and his Orchestra</subfield>
  </datafield>
  <datafield tag="511" ind1=" " ind2=" ">
    <subfield code="a">Bailey Mildred: voce; Norvo Red: xil; Hyland Bill: tr; Pletcher Stew: tr; Sauter Eddie: tr; Mastren Al: trne; D'Amico Hank: sax, cl; Simeone Frank: sax, cl; Lanphere Charlie: ten, sax; Haymer Herbie: ten, sax; Liss Joe: p; Barbour Dave: chit; Peterson Peter: cb; Purtill Maurice: batt; Sauter Eddie: arr</subfield>
  </datafield>
  <datafield tag="511" ind1=" " ind2=" ">
    <subfield code="a">Holiday Billie: voce con Franke Newton Orchestra; Newton Frankie: tr; Smith Tab: alto; Hollon Kenneth: ten; Payne Stanley: ten; White Sonny: p; Mclin Jimmy: chit; Williams John: cb; Dougherty Eddie: batt</subfield>
  </datafield>
  <datafield tag="511" ind1=" " ind2=" ">
    <subfield code="a">Lewis Ed: te; Clayton Buck: tr; Edison Harry: tr; Killian Al: tr; Warren Earl: alto; Smith Tab: alto; Tate Buddy: ten; Byas Don: ten; Washington Jack: bar; Basie Count: p; Green Freddie: chit; Page Walter: cb;  Jones Jo: batt; Jimmy Rushing: voce con Count Basie Orchestra</subfield>
  </datafield>
  <datafield tag="511" ind1=" " ind2=" ">
    <subfield code="a">Andrews Sisters: patty, maxene e Laverne Andrews (voce) con Jerry Gray Orchestra. Registrazione effettuata da una trasmissione radiofonica "Bob Crosby Show" a met&#xE0; anni cinquanta in California</subfield>
  </datafield>
  <datafield tag="511" ind1=" " ind2=" ">
    <subfield code="a">Cole Nat "King": p, voce; Moore Oscar: chit; Prince Wesley: cb</subfield>
  </datafield>
  <datafield tag="511" ind1=" " ind2=" ">
    <subfield code="a">O'Day Anita: voce; Eldridge Roy: tr e voce; con Gene Krupa Orchestra; Young Graham: tr; Halten Torg: tr; Murphy Norman: tr; Wagner Babe: trne; Kelliher Jay: trne; Grassi John: trne; Ruffo Musky: alto; Neagley Clint: alto; Musiker Sam: ten; Bates Walter: ten; Kitsis Bob: p; Biondi Ray: chit; Bastien Buddy: cb</subfield>
  </datafield>
  <datafield tag="511" ind1=" " ind2=" ">
    <subfield code="a">Vaughan Sarah;:voce; Webster Freddie: tr; Harris Leroy: alto; Payne Cecil: bar; Powell Bud: p; Sturgis Ted: cb; Clarke Kenny: batt</subfield>
  </datafield>
  <datafield tag="511" ind1=" " ind2=" ">
    <subfield code="a">Griffin Chris: tr; Ferretti Andy: tr; Peck Bob: tr; Bradley Will: trne; Satterfield Jack: trne; Ohms Freddie: trne; Caceres Ernie: bar; Freeman Stan: p; Perry Dan: chit; Haggart Bob: cb; Feld Morey: batt; Ella Fitzgerald: voce con Bob Haggart Orchestra</subfield>
  </datafield>
  <datafield tag="650" ind1=" " ind2=" ">
    <subfield code="a">JAZZ [DISCHI]</subfield>
    <subfield code="e">Codice MATERIA SPICS: 9950</subfield>
    <subfield code="9">13845</subfield>
  </datafield>
  <datafield tag="700" ind1=" " ind2=" ">
    <subfield code="a">Wilson J.</subfield>
    <subfield code="d">Codice autore musica SPICS: 21697</subfield>
    <subfield code="e">Autore musica</subfield>
    <subfield code="p">Down in the Dumps</subfield>
    <subfield code="9">13846</subfield>
  </datafield>
  <datafield tag="700" ind1=" " ind2=" ">
    <subfield code="a">Wilson W.</subfield>
    <subfield code="d">Codice autore SPICS: 27882</subfield>
    <subfield code="e">Autore</subfield>
    <subfield code="p">Down in the Dumps</subfield>
    <subfield code="9">13847</subfield>
  </datafield>
  <datafield tag="700" ind1=" " ind2=" ">
    <subfield code="a">Anonimo</subfield>
    <subfield code="d">Codice autore musica SPICS: 2620</subfield>
    <subfield code="e">Autore musica</subfield>
    <subfield code="p">Frankie and Johnny</subfield>
    <subfield code="9">13848</subfield>
  </datafield>
  <datafield tag="700" ind1=" " ind2=" ">
    <subfield code="a">Parish James Robert</subfield>
    <subfield code="d">Codice autore musica SPICS: 8387</subfield>
    <subfield code="e">Autore musica</subfield>
    <subfield code="p">Stardust</subfield>
    <subfield code="9">13849</subfield>
  </datafield>
  <datafield tag="700" ind1=" " ind2=" ">
    <subfield code="a">Carmichael Hoagy</subfield>
    <subfield code="d">Codice autore SPICS: 10736</subfield>
    <subfield code="e">Autore</subfield>
    <subfield code="p">Stardust - Rockin' Chair</subfield>
    <subfield code="9">13850</subfield>
  </datafield>
  <datafield tag="700" ind1=" " ind2=" ">
    <subfield code="a">Waller Thomas Fats</subfield>
    <subfield code="d">Codice autore musica SPICS: 15948</subfield>
    <subfield code="e">Autore musica</subfield>
    <subfield code="p">Ain't Misbehavin' </subfield>
    <subfield code="9">13851</subfield>
  </datafield>
  <datafield tag="700" ind1=" " ind2=" ">
    <subfield code="a">Razaf Andy</subfield>
    <subfield code="d">Codice autore SPICS: 10573</subfield>
    <subfield code="e">Autore</subfield>
    <subfield code="p">Ain't Misbehavin' </subfield>
    <subfield code="9">13852</subfield>
  </datafield>
  <datafield tag="700" ind1=" " ind2=" ">
    <subfield code="a">Brooks S.</subfield>
    <subfield code="d">Codice autore testo/musica SPICS: 27883</subfield>
    <subfield code="e">Autore testo/musica</subfield>
    <subfield code="p">Ain't Misbehavin' </subfield>
    <subfield code="9">13853</subfield>
  </datafield>
  <datafield tag="700" ind1=" " ind2=" ">
    <subfield code="a">Williams Spencer</subfield>
    <subfield code="d">Codice autore musica SPICS: 10731</subfield>
    <subfield code="e">Autore musica</subfield>
    <subfield code="p">Basin Street Blues</subfield>
    <subfield code="9">13854</subfield>
  </datafield>
  <datafield tag="700" ind1=" " ind2=" ">
    <subfield code="a">Allan</subfield>
    <subfield code="d">Codice autore musica SPICS: 16412</subfield>
    <subfield code="e">Autore musica</subfield>
    <subfield code="p">Strange Fruit</subfield>
    <subfield code="9">13855</subfield>
  </datafield>
  <datafield tag="700" ind1=" " ind2=" ">
    <subfield code="a">Frazier A.</subfield>
    <subfield code="d">Codice autore musica SPICS: 23029</subfield>
    <subfield code="e">Autore musica</subfield>
    <subfield code="p">Harvard Blues</subfield>
    <subfield code="9">13856</subfield>
  </datafield>
  <datafield tag="700" ind1=" " ind2=" ">
    <subfield code="a">Smith Tab</subfield>
    <subfield code="d">Codice autore SPICS: 27884</subfield>
    <subfield code="e">Autore</subfield>
    <subfield code="p">Harvard Blues</subfield>
    <subfield code="9">13857</subfield>
  </datafield>
  <datafield tag="700" ind1=" " ind2=" ">
    <subfield code="a">Basie Count</subfield>
    <subfield code="d">Codice autore testo/musica SPICS: 10545</subfield>
    <subfield code="e">Autore testo/musica</subfield>
    <subfield code="p">Harvard Blues</subfield>
    <subfield code="9">13858</subfield>
  </datafield>
  <datafield tag="700" ind1=" " ind2=" ">
    <subfield code="a">Secunda</subfield>
    <subfield code="d">Codice autore musica SPICS: 20460</subfield>
    <subfield code="e">Autore musica</subfield>
    <subfield code="p">Bei Mir Bist du Schon</subfield>
    <subfield code="9">13859</subfield>
  </datafield>
  <datafield tag="700" ind1=" " ind2=" ">
    <subfield code="a">Cahn</subfield>
    <subfield code="d">Codice autore SPICS: 20244</subfield>
    <subfield code="e">Autore</subfield>
    <subfield code="p">Bei Mir Bist du Schon</subfield>
    <subfield code="9">13860</subfield>
  </datafield>
  <datafield tag="700" ind1=" " ind2=" ">
    <subfield code="a">Jacobs</subfield>
    <subfield code="d">Codice autore testo/musica SPICS: 20447</subfield>
    <subfield code="e">Autore testo/musica</subfield>
    <subfield code="p">Bei Mir Bist du Schon</subfield>
    <subfield code="9">13861</subfield>
  </datafield>
  <datafield tag="700" ind1=" " ind2=" ">
    <subfield code="a">Cole Nat King</subfield>
    <subfield code="d">Codice autore musica SPICS: 16161</subfield>
    <subfield code="e">Autore musica</subfield>
    <subfield code="p">That Ain't Right</subfield>
    <subfield code="9">13862</subfield>
  </datafield>
  <datafield tag="700" ind1=" " ind2=" ">
    <subfield code="a">Evans Bill</subfield>
    <subfield code="d">Codice autore musica SPICS: 16457</subfield>
    <subfield code="e">Autore musica</subfield>
    <subfield code="p">Let Me Off Uptown</subfield>
    <subfield code="9">13863</subfield>
  </datafield>
  <datafield tag="700" ind1=" " ind2=" ">
    <subfield code="a">Bostic</subfield>
    <subfield code="d">Codice autore SPICS: 23733</subfield>
    <subfield code="e">Autore</subfield>
    <subfield code="p">Let Me Off Uptown</subfield>
    <subfield code="9">13864</subfield>
  </datafield>
  <datafield tag="700" ind1=" " ind2=" ">
    <subfield code="a">Gross Walter</subfield>
    <subfield code="d">Codice autore musica SPICS: 15709</subfield>
    <subfield code="e">Autore musica</subfield>
    <subfield code="p">Tenderly</subfield>
    <subfield code="9">13865</subfield>
  </datafield>
  <datafield tag="700" ind1=" " ind2=" ">
    <subfield code="a">Lawrence Jack</subfield>
    <subfield code="d">Codice autore SPICS: 15708</subfield>
    <subfield code="e">Autore</subfield>
    <subfield code="p">Tenderly</subfield>
    <subfield code="9">13866</subfield>
  </datafield>
  <datafield tag="700" ind1=" " ind2=" ">
    <subfield code="a">Gershwin Ira</subfield>
    <subfield code="d">Codice autore musica SPICS: 10501</subfield>
    <subfield code="e">Autore musica</subfield>
    <subfield code="p">Oh, Lady Be Good</subfield>
    <subfield code="9">13867</subfield>
  </datafield>
  <datafield tag="700" ind1=" " ind2=" ">
    <subfield code="a">Gershwin George</subfield>
    <subfield code="d">Codice autore SPICS: 10668</subfield>
    <subfield code="e">Autore</subfield>
    <subfield code="p">Oh, Lady Be Good</subfield>
    <subfield code="9">13868</subfield>
  </datafield>
  <datafield tag="942" ind1=" " ind2=" ">
    <subfield code="c">MD</subfield>
    <subfield code="2">ddc</subfield>
  </datafield>
  <datafield tag="952" ind1=" " ind2=" ">
    <subfield code="0">0</subfield>
    <subfield code="1">0</subfield>
    <subfield code="4">0</subfield>
    <subfield code="6">25698_000000000000000</subfield>
    <subfield code="7">1</subfield>
    <subfield code="a">SPICS</subfield>
    <subfield code="b">SPICS</subfield>
    <subfield code="d">2013-10-25</subfield>
    <subfield code="l">0</subfield>
    <subfield code="o">25698</subfield>
    <subfield code="r">2013-10-25 00:00:00</subfield>
    <subfield code="w">2013-10-25</subfield>
    <subfield code="y">MD</subfield>
    <subfield code="z">Progr. Ins.: 5572 / N.Vol.: 1 / Copie: 1 - Copia rara: n.d. / date import: 01.01.2014 - By Epidotti, Trombetti, Vaglietti</subfield>
  </datafield>
</record>
